Ο λόγος και οι απόψεις των γυναικών της ελληνικής Βουλής στα μέσα κοινωνικής δικτύωσης : από τον αρρενωπό στο θηλυκό πολιτικό λόγο ; διπλωματική εργασία [μεταπτυχιακή εργασία]
Saved in:
| Main Author: | |
|---|---|
| Corporate Author: | |
| Other Authors: | |
| Format: | Thesis Book |
| Language: | Greek |
| Published: |
2015.
|
| Subjects: | |
| Online Access: | http://hdl.handle.net/11610/14115 |
| Tags: |
Add Tag
No Tags, Be the first to tag this record!
|
MARC
| LEADER | 00000cam a2200000 a 4500 | ||
|---|---|---|---|
| 001 | 1/108554 | ||
| 008 | 150910s2015####gr | ||| |||| ||gre|| | ||
| 040 | |a GR-MyUa |b gre |c GR-MyUa |e AACR2 | ||
| 041 | 0 | |a gre | |
| 082 | 7 | |a 305.4 |2 (23) | |
| 100 | 1 | |a Σιδερή, Μαρία. | |
| 245 | 1 | 2 | |a Ο λόγος και οι απόψεις των γυναικών της ελληνικής Βουλής στα μέσα κοινωνικής δικτύωσης : |b από τον αρρενωπό στο θηλυκό πολιτικό λόγο ; διπλωματική εργασία [μεταπτυχιακή εργασία] / |c Σιδερή Μαρία ; επιβλέπουσα καθηγήτρια Γκασούκα Μαρία. |
| 260 | |c 2015. | ||
| 300 | |a 239 σ. ; |c 30 εκ. | ||
| 502 | |a Διατριβή (μεταπτυχιακή) – Πανεπιστήμιο Αιγαίου, Ρόδος, 2015. | ||
| 504 | |a Βιβλιογραφία: σ. 158-162. | ||
| 506 | 0 | |a Πλήρες κείμενο - Ελεύθερη δημοσίευση. | |
| 650 | 0 | |a Women |z Greece. | |
| 650 | 0 | |a Feminism. | |
| 650 | 0 | |a Discourse analysis |x Political aspects. | |
| 650 | 0 | |a Political culture |z Greece. | |
| 650 | 0 | |a Sex role. | |
| 650 | 0 | |a Women |x Political activity |z Greece. | |
| 700 | 1 | |a Γκασούκα, Μαρία, |e dgsf | |
| 710 | 1 | |a Πανεπιστήμιο Αιγαίου |b Σχολή Ανθρωπιστικών Επιστημών |b Τμήμα Επιστημών της Προσχολικής Αγωγής και του Εκπαιδευτικού Σχεδιασμού |b Πρόγραμμα Μεταπτυχιακών Σπουδών Φύλο και Νέα Εκπαιδευτικά και Εργασιακά Περιβάλλοντα στην Κοινωνία της Πληροφορίας. | |
| 852 | |a INST |b RHODES |c DIATR |e 20150910 |h 305.4 ΣΙΔ |p 005400038037 |q 005400038037 |t MTXE |y 23 | ||
| 856 | |u http://hdl.handle.net/11610/14115 | ||
| 924 | |a Σιδερή |b Μαρία |y Ρόδος |z 2015-06 | ||
| 970 | |z 10-09-2015 | ||